[Event "IECG CN.2002.0.00308 email"]
[Site "IECG email"]
[Date "2002.09.12"]
[Round "?"]
[White "Kretschmann, Dirk"]
[Black "Hughes, Chris"]
[Result "1-0"]
[WhiteElo "800"]
[BlackElo "865"]
[PlyCount "57"]
[EventDate "2002.09.12"]
[EventType "tourn (corr)"]
[EventRounds "6"]
[SourceTitle "Corr 2008"]
[Source "ChessBase"]
[SourceDate "2008.06.24"]
[SourceVersion "1"]
[SourceVersionDate "2008.06.24"]
[SourceQuality "1"]

1. Nf3 d5 2. c4 c6 3. g3 Nf6 4. Bg2 dxc4 5. Na3 b5 6. Ne5 Qc7 7. d4 Bb7 8. 0-0 Nbd7 9. Bf4 Qb6 10. Nc2 e6 11. a4 Nxe5 12. Bxe5 b4 13. Ne3 c3 14. bxc3 bxc3 15. Rb1 Qa6 16. Qb3 Bc8 17. Bxf6 gxf6 18. Qxc3 Bd7 19. d5 cxd5 20. Qxf6 Rg8 21. Nxd5 Qa5 22. Qe5 Kd8 23. Rb8+ Rxb8 24. Qxb8+ Bc8 25. Nf6 Rg7 26. Rd1+ Ke7 27. Ne4 f5 28. Qxc8 fxe4 29. Rd7+ 1-0